000 00338nam a2200133Ia 4500
005 20260328104324.0
008 260328s9999||||xx |||||||||||||| ||und||
100 _aSuzuki, Akira
245 0 _aConverasaciones con Estudiantes Toyo Ito /
_cAkira Suzuki
260 _bGustavo Gili
300 _a83 p.
650 _aARQUITECTOS
942 _cBK
999 _c11461
_d11461